书目信息 |
| 题名: |
常规地热能开发技术应用与实践
|
|
| 作者: | 袁清 , 刘金侠 著 | |
| 分册: | ||
| 出版信息: | 北京 中国石化出版社 2015 |
|
| 页数: | 244页 | |
| 开本: | 20cm | |
| 丛书名: | ||
| 单 册: | ||
| 中图分类: | TK529 | |
| 科图分类: | ||
| 主题词: | 地热能 , 地热能--热机 | |
| 电子资源: | ||
| ISBN: | 7-5114-2254-3 | |
| 000 | 00658nam0 2200217 450 | |
| 001 | 1755498374 | |
| 005 | 20171222152641.68 | |
| 010 | @a7-5114-2254-3@dCNY98.00 | |
| 100 | @a20171222d2015 km y0chiy0120 ea | |
| 101 | 0 | @achi |
| 102 | @aCN@b110000 | |
| 200 | 1 | @a常规地热能开发技术应用与实践@Achang gui di re neng kai fa ji shu ying yong yu shi jian@f袁清, 刘金侠著@Fyuan qing,liu jin xia zhu |
| 210 | @a北京@c中国石化出版社@d2015 | |
| 215 | @a244页@d20cm | |
| 606 | 0 | @a地热能 |
| 606 | 0 | @a地热能@x热机 |
| 690 | @aTK529@v4 | |
| 701 | 0 | @a袁清@Ayuan qing@4著 |
| 701 | 0 | @a刘金侠@Aliu jin xia@4著 |
| 801 | 0 | @aCN@bMUSE@c20171222 |
| 905 | @aMUSE@dTK529@eY902 | |
| 常规地热能开发技术应用与实践/袁清, 刘金侠著.-北京:中国石化出版社,2015 |
| 244页;20cm |
| ISBN 7-5114-2254-3:CNY98.00 |
| ● |
| 相关链接 |
|
|
|
正题名:常规地热能开发技术应用与实践
索取号:TK529/Y902
 
预约/预借
| 序号 | 登录号 | 条形码 | 馆藏地/架位号 | 状态 | 备注 |
| 1 | 1300358 | 213003587 | 能源与建筑环境工程学院资料室/ [索取号:TK529/Y902] | 在馆 | |
| 2 | 1300359 | 213003596 | 能源与建筑环境工程学院资料室/ [索取号:TK529/Y902] | 在馆 |